Russian-English forestry and wood dictionary

Bibliographic Details
Main Author: LINNARD
Format: Book
Published: Oxford, U.K. : Commonwealth Agriculture Bureaux , 1966
Subjects:

MARC

LEADER 00000cam a2200000 7i4500
001 0000000998
005 20131206.0
090 0 0 |a R634.9   |b LIN 1966 
100 1 0 |a LINNARD   |h William 
245 1 0 |a Russian-English forestry and wood dictionary   |c by W. Linnard 
260 0 0 |a Oxford, U.K. :   |b Commonwealth Agriculture Bureaux ,   |c 1966 
300 |a vi, 109 p. ;   |c 20 cm. 
650 0 0 |a Forests and forestry   |x Dictionaries   |x Russian 
650 0 0 |a Lumbering   |x Dictionaries   |x Russian 
650 0 0 |a Russian language   |x Dictionaries   |x English 
998 |a JPSM 
999 |a 0000002397   |b Monograph   |c Reference   |e Default branch